| 000 | 01221cab a2200409 4500 | ||
|---|---|---|---|
| 001 | ABS48004 | ||
| 008 | 090401t1993 xxu||||| |||| 00| 0 eng d | ||
| 035 | _a(Sirsi) u64394 | ||
| 041 | _aeng | ||
| 245 | _aEstates Times Survey: City of London | ||
| 260 | _c1993 | ||
| 350 | _a0 | ||
| 490 |
_aEstates Times _v(1178) 26 February 1993, 13-21(9) |
||
| 650 | _aCITY AGENTS CLUB | ||
| 650 | _aCITY OF LONDON | ||
| 650 | _aCOMMERCIAL AGENTS | ||
| 650 | _aCOVENANT STRENGTH | ||
| 650 | _aCROSBY SHORTCUT DCF METHOD | ||
| 650 | _aFEES | ||
| 650 | _aINVESTMENT MARKET | ||
| 650 | _aINWARD INVESTMENT | ||
| 650 | _aLETTING FEES | ||
| 650 | _aOCCUPANCY COST ANALYSIS | ||
| 650 | _aPROPERTY-COMMERCIAL PROPERTY-OFFICE PROPERTY-OFFICE PROPERTY MARKET | ||
| 650 | _aOVER-RENTED PROPERTY | ||
| 650 | _aOVERSEAS INVESTORS | ||
| 650 | _aPROPERTY-COMMERCIAL PROPERTY-RETAIL PROPERTY-RETAIL PROPERTY MARKET | ||
| 650 | _aSPITALFIELDS | ||
| 650 | _aSTATISTICS | ||
| 650 | _aTIERED TOP SLICE METHOD | ||
| 650 | _aTOP SLICE METHOD | ||
| 650 | _aVALUATION METHODS | ||
| 650 | _aWINEBAR MARKET | ||
| 690 | _aPROPERTY-COMMERCIAL PROPERTY-COMMERCIAL PROPERTY MARKET | ||
| 942 | _n0 | ||
| 948 | _c04/03/1997 | ||
| 999 |
_c40103 _d40103 |
||